Sztuka Bizantyńska - Statystyki

Ogólne statystyki
  • Ten quiz został rozwiązany 19 razy
    8 od ostatniego zresetowania
  • Średni wynik to 7 z 17
Statystyki odpowiedzi
Obrazkowy Hint Odpowiedź % Poprawnych
1.Okres Wczesnobizantyński (360r) Hagia Sophia | Hagia Sofia
83%
3.Okres Późnobizantyński (ok.14W) Matka Boska Częstochowska | Czarna Madonna
67%
1.Okres Wczesnobizantyński (548r) Bazylika San Vitale | Bazylika św. Witalisa | San Vitale
50%
1.Okres Wczesnobizantyński (832r) Bazylika św. Marka | Bazylika św. Marka | Bazylika San Marco | Bazylika San Marco | San Marco
50%
1.Okres Wczesnobizantyński (548r) Cesarz Justynian | Wielki wśród dostojników
50%
1.Okres Wczesnobizantyński (548r) Plan Bazyliki św. Witalisa | Plan Bazyliki San Vitale | Plan San Vitale | San Vitale
50%
3.Okres Późnobizantyński (ok. 1410–1427r) Trójca Święta (ikona Andrieja Rublowa) | Trójca Święta
50%
kapitel koszowy
33%
3.Okres Późnobizantyński (2poł. 13W) Mozaika Deesis | Deesis
33%
1.Okres Wczesnobizantyński Pantokrator
33%
1.Okres Wczesnobizantyński (832r) Plan Bazyliki św.Marka | Plan Bazyliki San Marco | Bazylika San Marco
33%
1.Okres Wczesnobizantyński (360r) Plan Hagii Sofii | Plan Hagii Sophii | Plan Hagia Sophia | Plan Hagia Sofia
33%
kapitel kostkowy
17%
kapitel koszowy z nasadnikiem
17%
1.Okres Wczesnobizantyński (6W) Plan Sant’Apollinare Nuovo | Plan bazyliki św. Apolinarego | Sant'Apollinarw Nuovo
17%
1.Okres Wczesnobizantyński (6W) Sant’Apollinare Nuovo | Bazylika św. Apolinarego
17%
2.Okres Średniobizantyński (1poł. 12W) Vladimirsky | Włodzimierska Ikona Matki Bożej
17%
Nie znaleziono quizów pasujących do podanych kryteriów
Rozkład punktacji
Procent ludzi z każdym wynikiem
Percentyl według liczby udzielonych odpowiedzi
Twoja historia wyników
Nie rozwiązałeś tego quizu od ostatniego zresetowania